| 000 | 02092cam a2200325 i 4500 | ||
|---|---|---|---|
| 001 | 768714001 | ||
| 003 | CO-MdBIC | ||
| 005 | 20231103121032.0 | ||
| 008 | 231103t1970 enk||||| |||| 00| 0 eng d | ||
| 020 | _aVol. 1: 334-00078-5 ; Vol. 2: 334-00079-3 ; Vol. 3: 334-0081-5 | ||
| 040 |
_bspa. _aCO-MdFUSB _cCO-MdFUSB _dCO-MdFUSBC _erda |
||
| 041 | _aeng | ||
| 082 | 0 | 4 | _aG 230.08 P1945p |
| 100 | 1 | _aPannenberg, Wolfhart | |
| 245 | 1 | 0 |
_aBasic questions in theology / Wolfhart Pannenberg ; Translated by George H. Kehm _c/ |
| 264 | 1 |
_aLondon : SCM Press _bSCM Press, _c[1970] |
|
| 264 | 4 | _c©1970 | |
| 300 |
_a3 volúmenes _c; |
||
| 336 |
_atexto _btxt _2rdacontent |
||
| 337 |
_2rdamedia _asin mediación _bn |
||
| 338 |
_2rdacarrier _avolumen _bnc |
||
| 500 | _aTítulo original en alemán: Grundfragen systematischer Theologie \ Incluye índice (Vol. 3, p. 211-213) | ||
| 501 | _aPasta dura | ||
| 505 | 0 | 0 | _aVol. 1: La crisis del principio de escritura - Acontecimiento redentor y la historia - Kerygma y la historia - La historia hermenéutica y universal - Sobre la hermenéutica histórica y teológica - ¿Qué es una declaración dogmática? - Analogía y doxología \ Vol. 2: ¿Qué es la verdad? - La perspicacia y la fe - La fe y la razón - Hacia una teología de la historia de las religiones - La apropiación del concepto filosófico de Dios como un problema dogmático de la teología temprana cristiana - Tipos de ateísmo y su sentido teológico - La cuestión de Dios - El Dios de la esperanza \ Vol. 3: Las dimensiones posteriores del mito en la tradición bíblica y cristiana - Antropología y la cuestión de Dios - Hablando de Dios en frente de la crítica atea - Teología cristiana y la crítica filosófica - La importancia del cristianismo en la filosofía de Hegel - El cristianismo como la legitimidad de la edad moderna - Escatología y la experiencia del significado |
| 650 | 7 |
_aTeología bíblica _9320 |
|
| 650 | 7 |
_aTeología dogmática _2embne _96938 _vHistoria |
|
| 650 | 7 |
_aHermenéutica bíblica _2embne _97333 |
|
| 942 | _cBK | ||
| 945 | _aJohan1477 | ||
| 999 |
_c45363 _d45363 |
||